| 000 | 00456nam a22001817a 4500 | ||
|---|---|---|---|
| 999 |
_c532780 _d532780 |
||
| 003 | NUST | ||
| 005 | 20191202190126.0 | ||
| 008 | 191202b ||||| |||| 00| 0 eng d | ||
| 020 | _a0008120943 | ||
| 024 | _a9780008120948 | ||
| 038 | _aMSOHAIL | ||
| 082 | _a0 | ||
| 100 |
_aJessica Stern and John M. Berger _926369 |
||
| 245 | _aISIS: The State of Terror | ||
| 260 |
_aNewYork _bHarperCollins Publishers _cc2015 |
||
| 300 | _ap;385 | ||
| 942 |
_2ddc _cBK |
||